Стихотворения и поэмы (Запись № 6897156)

Подробности
000 -МАРКЕР
контрольное поле 01460nam0a22003131 4500
001 - ИДЕНТИФИКАТОР ЗАПИСИ
контрольное поле rc\3319701
005 - ИДЕНТИФИКАТОР ВЕРСИИ
контрольное поле 20250609175740.0
021 ## - НОМЕР ГОСУДАРСТВЕННОЙ РЕГИСТРАЦИИ
Код страны Российская Федерация
Номер [73-59785]
035 ## - ДРУГИЕ СИСТЕМНЫЕ НОМЕРА
Идентификатор записи (NLR Aleph) 007419146
100 ## - ДАННЫЕ ОБЩЕЙ ОБРАБОТКИ
Данные общей обработки 20130115d1973 |||y0rusy50 ca
101 1# - ЯЗЫК РЕСУРСА
Язык текста, звукозаписи и т.д. русский
Язык оригинала казахский
102 ## - СТРАНА ПУБЛИКАЦИИ ИЛИ ПРОИЗВОДСТВА
Страна публикации Российская Федерация
105 ## - ПОЛЕ КОДИРОВАННЫХ ДАННЫХ: ТЕКСТОВЫЕ МАТЕРИАЛЫ, МОНОГРАФИЧЕСКИЕ
Кодированные данные о монографическом текстовом документе c z |||a|
200 1# - ЗАГЛАВИЕ И СВЕДЕНИЯ ОБ ОТВЕТСТВЕННОСТИ
Основное заглавие Стихотворения и поэмы
Сведения, относящиеся к заглавию [Перевод]
Первые сведения об ответственности Ред. стихотворных пер. С.В. Ботвинника
Последующие сведения об ответственности Вступ. слово В.А. Рождественского
-- Вступ. статьи, [с. 15-48 и 301-328], сост. и примеч. М.М. Каратаева и С.С. Кирабаева
210 ## - ПУБЛИКАЦИЯ, РАСПРОСТРАНЕНИЕ И ДР.
Место издания, распространения и т.д. Ленинград
Имя издателя, распространителя и т. д. Сов. писатель. [Ленингр. отд-ние]
Дата издания, распространения и т.д. 1973
215 ## - ФИЗИЧЕСКАЯ ХАРАКТЕРИСТИКА
Специфическое обозначение материала и объем 678 с., 2 л. портр.
Размеры 21
225 1# - СЕРИЯ
Основное заглавие серии Библиотека поэта
Сведения, относящиеся к заглавию Осн. М. Горьким
Наименование части Большая серия
Сведения, относящиеся к заглавию 2-е изд.
Сведения об ответственности Ред. коллегия: Ф.Я. Прийма (гл. ред.) [и др.]
700 #1 - ИМЯ ЛИЦА - ПЕРВИЧНАЯ ОТВЕТСТВЕННОСТЬ
Начальный элемент ввода Джансугуров
Часть имени, кроме начального элемента ввода И.
Даты 1894-1937
Расширение инициалов личного имени Ильяс
701 #1 - ИМЯ ЛИЦА - АЛЬТЕРНАТИВНАЯ ОТВЕТСТВЕННОСТЬ
Начальный элемент ввода Сейфуллин
Часть имени, кроме начального элемента ввода С.
Расширение инициалов личного имени Сакен
702 #1 - ИМЯ ЛИЦА - ВТОРИЧНАЯ ОТВЕТСТВЕННОСТЬ
Начальный элемент ввода Рождественский
Часть имени, кроме начального элемента ввода В.А.
Код отношения Автор введения, предисловия, примечания и т.п.
702 #1 - ИМЯ ЛИЦА - ВТОРИЧНАЯ ОТВЕТСТВЕННОСТЬ
Начальный элемент ввода Каратаев
Часть имени, кроме начального элемента ввода М.М.
Код отношения Автор введения, предисловия, примечания и т.п.
-- Составитель
-- Комментатор печатного текста
702 #1 - ИМЯ ЛИЦА - ВТОРИЧНАЯ ОТВЕТСТВЕННОСТЬ
Начальный элемент ввода Кирабаев
Часть имени, кроме начального элемента ввода С.С.
Код отношения Автор введения, предисловия, примечания и т.п.
-- Составитель
-- Комментатор печатного текста
702 #1 - ИМЯ ЛИЦА - ВТОРИЧНАЯ ОТВЕТСТВЕННОСТЬ
Начальный элемент ввода Ботвинник
Часть имени, кроме начального элемента ввода С.В.
Код отношения Редактор
801 #0 - ИСТОЧНИК ЗАПИСИ
Страна Российская Федерация
Организация NLR
Правила каталогизации psbo
801 #1 - ИСТОЧНИК ЗАПИСИ
Страна Российская Федерация
Организация ELAR
Источник данных rusmarc
852 ## - МЕСТОНАХОЖДЕНИЕ И ШИФР ХРАНЕНИЯ
Идентификатор организации NLR
Шифр хранения (Call Number) 73-3/5317
942 ## - ДОПОЛНИТЕЛЬНЫЕ ЭЛЕМЕНТЫ ЗАПИСИ (АБИС)
Тип экземпляра АБИС Книга
980 ## - КОЛЛЕКЦИЯ
Название коллекции Национальная библиография
Экземпляры
Тип экземпляра Дата поступления Библиотека постоянного хранения Библиотека текущего хранения Место хранения Шифр хранения Штрих-код Статус экземпляра Источник поступления
Книга 26.10.2013 РНБ (Московский) РНБ (Московский) Русский книжный фонд: издания с 1957 года 73-3/5317 7419146-10    
Книга 09.04.2014 РНБ (Садовая) РНБ (Садовая) Фонд научного зала литературы и искусства Нз Ш6(25)/Д-401 1-376107   Подсобные фонды РНБ